000
00231 a2200109 4500
001
66876
082
_a
891.4393 ASL
090
_c
38582
_d
38582
100
_a
Alam Rai
245
_a
Akhari Hassar
260
_b
Maktaba Al-Querash
942
_a
NUST-CAE
_k
891.4393 ASL
999
_c
301949
_d
301949